1776 1850 1909 1262 1227 1598 1326 1835 1039 1238 1356 1032 1039 1549 1273 1327 1957 1442 1621 1139 1111 1795 1640 1045 1703 1902 1007 1825 1728 1406 1267 1050 1909 1090 1197 1378 1967 1747 1803 1286 1074 1565 1121 1130 1764 1850 1269 1256 1392 1708 1576 1899 1260 1149 1437 1569 1623 1594 1524 1594 1260 1319 1343 1707 1923 1325 1502 1041 1870 1825 1626 1818 1528 1994 1136 1339 1030 1926 1235 1109 1048 1655 1660 1311 1887 1836 1530 1762 1065 1110 1342 1599 1108 1747 1157 1501 1291 1756 1852 BCNSPRNW ULIB Ver.6.0+V

เปลี่ยนเป็นภาษาไทย

Change to English
 แสดงรายละเอียดบรรณานุกรม
  กลับหน้าหลัก

Brief Record : Get Marc (ISO 2709) : E-mail record : QR code < ปิดหน้าต่าง
LEADER : 00000nam 2200000uu 4500
001    13399120162
003     ULIB
008    120905s2554||||th 000 0 tha d
020    ^a9747762412
020    ^a9789747762419
060 04 ^aQT104^bร326ส
245 00 ^aสรีรวิทยา /^cรัชฎ แก่นสาร์, บรรณาธิการ
250    ^aพิมพ์ครั้งที่ 11
260    ^aกรุงเทพฯ :^bโครงการสวัสดิการวิชาการ สถาบันพระบรมราชชนกกระทรวงสาธารณสุข,^c2554
300    ^a[6], 671 หน้า :^bภาพประกอบ ;^c30 ซม.
650  7 ^aสรีรวิทยา
700 0  ^aรัชฎา แก่นสาร์,^eบรรณาธิการ
710 2  ^aกระทรวงสาธารณสุข. ^bสถาบันพระบรมราชชนก.^bโครงการสวัสดิการวิชาการ
945    ^p300^l0^i032773
945    ^p300^l0^i032774
945    ^p300^l0^i032775
995    ^aทศพร
999    ^aทศพร
รายการนี้ยังไม่มีแท็ก
คุณยังไม่ได้ล็อกอิน คุณสามารถมีกิจกรรมร่วมกับเว็บไซต์ได้ แต่ต้องล็อกอินก่อน ::
  ล็อกอิน

รายการสื่อสารสนเทศ

ลำดับที่ ประเภท เลขเรียก/บาร์โค้ด สถานที่ สถานะ
1. วิทยาศาสตร์การแพทย์ และสุขภาพ
หนังสือสำรอง
สถานะ=หนังสือสำรอง
QT104 ร326ส ฉ.1 
  Barcode: 032773
ห้องสมุดวิทยาเขตสวรรค์ประชารักษ์
►ส่วนจัดเก็บหนังสือเก่า สปร
บนชั้น
  ขอยืม
2. วิทยาศาสตร์การแพทย์ และสุขภาพ
วิทยาศาสตร์การแพทย์ และสุขภาพ
QT104 ร326ส ฉ.2 
  Barcode: 032774
ห้องสมุดวิทยาเขตสวรรค์ประชารักษ์
►ส่วนจัดเก็บหนังสือเก่า สปร
บนชั้น
  ขอยืม
3. วิทยาศาสตร์การแพทย์ และสุขภาพ
วิทยาศาสตร์การแพทย์ และสุขภาพ
QT104 ร326ส ฉ.3 
  Barcode: 032775
ห้องสมุดวิทยาเขตสวรรค์ประชารักษ์
►ส่วนจัดเก็บหนังสือเก่า สปร
บนชั้น
  ขอยืม

รายการใกล้เคียง
    หัวเรื่อง [สรีรวิทยา]

BibComment


ยังไม่เคยถูกคอมเมนท์

คอมเมนท์ทรัพยากรรายการนี้
  คอมเมนท์: สรีรวิทยา รัชฎ ..


 Copyright 2026. Bcnsprnw @Library